Open Data Biblioteca Nacional de Portugal


República Portuguesa: Ministério da Cultura
Biblioteca Nacional de Portugal

Catálogo da BNP: acesso por Identificadores Unívocos
Registos Bibliográficos associados ao registo de autoridade

Etiqueta de registo: 00000nkm 2200025 450
001 2276284
003 http://id.bnportugal.gov.pt/bib/catbnp/2276284
100 ## $a20260305d1992 m y0pory01030103ba
101 0# $apor$afre$aeng
102 ## $aPT
200 1# $aExpocouro Fipele '92, 6ª Feira Internacional de Curtumes, Maquinaria e Componentes para Calçado, Exponor, Feira Internacional do Porto, de 27 a 29 de novembro$bVisual gráfico]$fAssociação Industrial Portuense
210 #9 $a[Porto]$cAssociação Industrial Portuense,$d1992
215 ## $a1 cartaz$ccolor.$d67,5x48 cm
317 ## $aColeção Madeira Luís
710 01 $aFeira Internacional de Curtumes, Maquinaria e Componentes para Calçado,$d6,$ePorto,$f1992$31993490
712 02 $aAssociação Industrial Portuense$3151
712 01 $aEXPONOR.$bDivisão de Feiras e Exposições$31989153
712 02 $aAPIC- Associação Portuguesa de Industriais de Curtumes$31925907
801 #0 $aPT$bBN$gRPC
966 ## $lBN$mICONOG$sCT. 23501 A.$x3
971 ## $cCaticonografia7$d20260305
995 ## $aPRR2026

OpendataBNP@bnportugal.pt | Mais informação sobre acesso aos dados BNP